| 000 | 006440000a22001330004500 | ||
|---|---|---|---|
| 100 | 1 | _aCarson, D.A. | |
| 245 | 1 | 0 | _aLa iglesia emergente |
| 300 | _aVol.9, núm.1 (2007), Páginas 68-83 | ||
| 500 | _aEste artículo fue tomado de la revista Modern Reformation: "Faith A La Carte? The Emergent Church" July/August Vol. 14 No. 4 2005 Pages 11-18 Fue traducido por Donald Herrera. | ||
| 520 | _a¿De qué estamos hablando?,Qué caracteriza al movimiento? La protesta, Una protesta contra el modernismo, Protestando en tres fuentes, Qué debiésmemos estar preguntando, | ||
| 650 | 1 | 4 | _aIGLESIA EMERGENTE |
| 773 | 0 | _tReforma Siglo 21 | |
| 942 | _cANA | ||
| 999 |
_c62637 _d62637 |
||